| 000 | 00476nam a2200181Ia 4500 | ||
|---|---|---|---|
| 005 | 20241219094256.0 | ||
| 008 | 231217s9999 xx 000 0 und d | ||
| 020 | _a9788131759165 | ||
| 082 | _a001.424 TAH;77 | ||
| 100 | _aTaha, Hamdy A. | ||
| 245 | 0 | _aOperations research : an introduction | |
| 250 | _a8th ed. | ||
| 260 |
_c2011 _bDorling Kindersley _aNoida |
||
| 300 | _axxii, 733+Q-26 | ||
| 500 | _aContent pages available. | ||
| 650 | _aOperations | ||
| 942 | _cAA | ||
| 999 |
_c194385 _d194385 |
||